000 00200nam a2200073Ia 4500
008 170523s9999 xx 000 0 und d
100 _aJha- A.K.
245 2 _aA Textbook of Applied Physics-2
260 _aNew Delhi : I.K. International
999 _c11832
_d11832